000 00228 a2200097 4500
001 41079
100 _aSafder Muhammad Hassan
245 _aQiadat Kay Taqazey
260 _aKarachi
_bRoyal Book Company
_c
090 _c25310
_d25310
942 _aNUST-CAE
_cM
_c17015
999 _c276152
_d276152